[Event "Unterfranken-ch M2 46th"]
[Site "Karlburg"]
[Date "1995.??.??"]
[Round "?"]
[White "Bachmann, Wolfgang"]
[Black "Lindner, Werner"]
[Result "1/2-1/2"]
[WhiteElo "1916"]
[BlackElo "1938"]
[PlyCount "89"]
[EventDate "1995.04.17"]
[EventType "swiss"]
[EventRounds "9"]
[EventCountry "GER"]
[SourceTitle "EXT 2015"]
[Source "ChessBase"]
[SourceDate "2014.11.20"]
[SourceVersion "1"]
[SourceVersionDate "2014.11.20"]
[SourceQuality "1"]

1. d4 Nf6 2. Nf3 d6 3. Bg5 Nbd7 4. Nbd2 g6 5. c3 Bg7 6. e3 0-0 7. a4 c5 8. a5 Qc7 9. Be2 Re8 10. 0-0 h6 11. Bh4 Nf8 12. h3 Bd7 13. Qb3 b5 14. dxc5 Qxc5 15. Nd4 a6 16. Bf3 Rab8 17. Bxf6 Bxf6 18. Bd5 Be6 19. Nxe6 fxe6 20. Bxe6+ Nxe6 21. Qxe6+ Kg7 22. Rfd1 Qe5 23. Qa2 Rf8 24. Nf3 Qe4 25. Qd5 Qxd5 26. Rxd5 b4 27. Nd4 Rfc8 28. Rc1 Rc4 29. Kf1 Rbc8 30. Ke1 bxc3 31. Rxc3 Rxc3 32. bxc3 Rxc3 33. Ke2 Bxd4 34. Rxd4 Rc5 35. Ra4 Kf6 36. Kd3 Rb5 37. Kc3 Rc5+ 38. Kd3 Rd5+ 39. Ke2 Rb5 40. f4 e5 41. fxe5+ dxe5 42. Kd3 Kf5 43. h4 h5 44. Ke2 e4 45. Kf2 1/2-1/2

[Event "Unterfranken-ch M2 46th"]
[Site "Karlburg"]
[Date "1995.??.??"]
[Round "?"]
[White "Lindner, Werner"]
[Black "Schneider, Guenter"]
[Result "1-0"]
[WhiteElo "1938"]
[BlackElo "1838"]
[PlyCount "86"]
[EventDate "1995.04.17"]
[EventType "swiss"]
[EventRounds "9"]
[EventCountry "GER"]
[SourceTitle "EXT 2015"]
[Source "ChessBase"]
[SourceDate "2014.11.20"]
[SourceVersion "1"]
[SourceVersionDate "2014.11.20"]
[SourceQuality "1"]

1. d4 f5 2. Nf3 Nf6 3. c3 e6 4. h3 Be7 5. Bf4 b6 6. e3 Bb7 7. Nbd2 0-0 8. Be2 Ne4 9. 0-0 d6 10. Nxe4 fxe4 11. Nd2 d5 12. Bg4 Bc8 13. Qb3 Bd6 14. Bxd6 Qxd6 15. f4 Nc6 16. Rac1 Ba6 17. Rf2 g6 18. Qd1 Ne7 19. Be2 Bxe2 20. Qxe2 c5 21. g4 c4 22. Nf1 Rf7 23. Rg2 Kh8 24. Ng3 Rg8 25. h4 h6 26. Rf1 Qd7 27. h5 Rfg7 28. Kh1 g5 29. f5 exf5 30. Nxf5 Nxf5 31. Rxf5 Rf7 32. Rxf7 Qxf7 33. Rf2 Qd7 34. Rf6 Kh7 35. Rf5 Rg7 36. Qh2 Re7 37. Qb8 Re8 38. Qg3 Kg7 39. Kg2 Kg8 40. Kh3 Rf8 41. Qe5 Rxf5 42. gxf5 Qf7 43. Kg4 Kh7 1-0